=LDR 00000nam 2200000 4500 =001 INLIS000000000059146 =005 20211025115408 =035 ##$$a 0010-1021000594 =007 ta =008 211025###########################0#ind## =020 ##$$a 979-421-139-7 =082 ##$$a 343.03 =084 ##$$a 343.03 Sub h =245 1#$$a Hukum Keuangan Negara RI /$c Dr. M. Subagio, SH =300 ##$$a 211 halaman ; $c 20 cm =650 #4$$a Hukum Keuangan Negara =264 ##$$a Jakarta :$b Rajawali Press,$c 1988 =336 ##$$a teks$2 rdacontent =337 ##$$a lain-lain$2 rdamedia =338 ##$$a lain-lain$2 rdacarrier